000 01533nam0a2200409 4500
001 RU\NLR\bibl\357513
005 20250621155601.0
010 _a5-89282-184-6
_9300
021 _aRU
_b2002-52989
_92570
035 _a(NLR Aleph) 000352156
090 _a282784
_c282784
100 _a20021226d2002 |||y0rusy50 ca
101 0 _arus
_deng
102 _aRU
105 _ay |||||||||
200 1 _aТалибы
_e(Религ.-полит. портр.)
_fР. Р. Сикоев
_gРос. акад. наук, Ин-т востоковедения, Ин-т изучения Израиля и Ближ. Востока
210 _aМ.
_cИВ
_d2002
215 _a159 с.
_d22
300 _aРез.: англ.
320 _aБиблиогр. в примеч. в конце гл.
601 0 2 _a"Талибан", движение
_cАфганистан
_92250090
_3RU\NLR\auth\661349693
610 0 _aПолитика и религия
610 0 _aРелигиозный экстремизм
610 0 _aИсламский фундаментализм в Афганистане
675 _a94(581)<1994/2001>
_v3
_zrus
686 _a03.19
_2rugasnti
686 _a63.3(5Афг)6
_2rubbk
686 _aЭ38-39(5Аф)63-02
686 _aТ3(5Аф)63-48
700 1 _aСикоев
_bР. Р.
_gРуслан Романович
_4070
801 0 _aRU
_bRKP
_c20021226
_gPSBO
801 1 _aRU
_bRKP
_c20021226
801 2 _aRU
_bNLR
_c20030207
_grcr
942 _cBOOK
980 _aNB